NBA players by Picture - Statistics

General Stats
  • This quiz has been taken 80 times
    68 since last reset
  • The average score is 36 of 44
Answer Stats
Picture Answer % Correct
Kobe Bryant
100%
Lebron James
100%
Michael Jordan
100%
Shaquille O'Neal
100%
Stephen Curry
100%
Kevin Durant
98%
Giannis Antetokounmpo
97%
LaMelo Ball
97%
Larry Bird
95%
Nikola Jokic
94%
Victor Wembanyama
94%
Kareem Abdul-Jabbar
92%
Magic Johnson
90%
Russell Westbrook
87%
Tim Duncan
87%
Jimmy Butler
85%
Joel Embiid
85%
Ja Morant
84%
Trae Young
84%
Wilt Chamberlain
84%
Zion Williamson
84%
Dirk Nowitzki
82%
Cade Cunningham
81%
Allen Iverson
79%
Charles Barkley
77%
Bill Russell
76%
Kevin Garnett
76%
Marcus Smart
76%
Steven Adams
76%
Rudy Gobert
74%
Tony Parker
74%
Hakeem Olajuwon
73%
Zach Lavine
73%
Jarrett Allen
71%
Pau Gasol
71%
Karl Malone
69%
John Stockton
68%
Manu Ginobili
66%
Moses Malone
66%
Boban Marjanovic
65%
Isiah Thomas
65%
Julius Erving
63%
Fred Vanvleet
61%
Tristan Thompson
52%
No matching quizzes found
Score Distribution
Percent of People with Each Score
Percentile by Number Answered
Your Score History
You have not taken this quiz since the last reset